Iconos : (Registro nro. 41459)
[ vista simple ]
| 000 -LEADER | |
|---|---|
| fixed length control field | 01221cam a2200313 i 4500 |
| 001 - CONTROL NUMBER | |
| control field | 41459 |
| 003 - CONTROL NUMBER IDENTIFIER | |
| control field | Mx-PuUPA |
| 005 - DATE AND TIME OF LATEST TRANSACTION | |
| control field | 20250709093217.0 |
| 008 - FIXED-LENGTH DATA ELEMENTS--GENERAL INFORMATION | |
| fixed length control field | 140415s2011 sp a gr 001 0 spa d |
| 020 ## - INTERNATIONAL STANDARD BOOK NUMBER | |
| International Standard Book Number | 9788415227212 |
| 040 ## - CATALOGING SOURCE | |
| Transcribing agency | Mx-PuUPA |
| Original cataloging agency | Mx-PuUPA |
| Language of cataloging | spa |
| Modifying agency | Mx-PuUPA |
| Description conventions | rda |
| 041 1# - LANGUAGE CODE | |
| Language code of text/sound track or separate title | spa |
| Language code of original | rus |
| -- | eng |
| 043 ## - GEOGRAPHIC AREA CODE | |
| Geographic area code | e-ur--- |
| 100 1# - MAIN ENTRY--PERSONAL NAME | |
| Personal name | Polyakova, Olga A., |
| 9 (RLIN) | 17258 |
| Relator term | autor |
| 245 13 - TITLE STATEMENT | |
| Title | Iconos : |
| Remainder of title | obras maestras del arte ruso, siglos XVI-XIX / |
| Statement of responsibility, etc. | Olga A. Polyakova ; traducción al español, Cillero & de Mota |
| 264 #1 - PRODUCTION, PUBLICATION, DISTRIBUTION, MANUFACTURE, AND COPYRIGHT NOTICE | |
| Place of production, publication, distribution, manufacture | Madrid, España : |
| Name of producer, publisher, distributor, manufacturer | Ilus Books Illusion Ilustrated, |
| Date of production, publication, distribution, manufacture, or copyright notice | ©2011 |
| 300 ## - PHYSICAL DESCRIPTION | |
| Extent | 191 páginas : |
| Other physical details | ilustraciones (principalmente a color) ; |
| Dimensions | 34 cm |
| 336 ## - CONTENT TYPE | |
| Fuente | rdacontent |
| Content type term | texto |
| Content type code | txt |
| 337 ## - MEDIA TYPE | |
| Source | rdamedia |
| Media type term | sin medio |
| Media type code | n |
| 338 ## - CARRIER TYPE | |
| Source | rdacarrier |
| Carrier type term | volumen |
| Carrier type code | nc |
| 650 #7 - SUBJECT ADDED ENTRY--TOPICAL TERM | |
| Source of heading or term | armarc |
| Topical term or geographic name entry element | Museo |
| General subdivision | Reserva Estatal |
| Geographic subdivision | Kolómenskoye (Moscú) |
| Form subdivision | Catálogos |
| 650 #7 - SUBJECT ADDED ENTRY--TOPICAL TERM | |
| Source of heading or term | armarc |
| Topical term or geographic name entry element | Iconos |
| Geographic subdivision | Rusia |
| General subdivision | Historia |
| Chronological subdivision | Siglo XVI-XIX |
| Form subdivision | Catálogos |
| 655 #4 - INDEX TERM--GENRE/FORM | |
| Genre/form data or focus term | Catálogos |
| 710 1# - ADDED ENTRY--CORPORATE NAME | |
| Corporate name or jurisdiction name as entry element | Cillero & de Mota |
| Relator term | traductor |
| 942 ## - ADDED ENTRY ELEMENTS (KOHA) | |
| Source of classification or shelving scheme | Dewey Decimal Classification |
| Koha item type | Libro |
| Classification part | 704.9482 |
| Item part | P7618 |
| Withdrawn status | Lost status | Source of classification or shelving scheme | Damaged status | Not for loan | Collection code | Home library | Current library | Shelving location | Date acquired | Source of acquisition | Cost, normal purchase price | Total Checkouts | Full call number | Barcode | Date last seen | Cost, replacement price | Price effective from | Koha item type |
|---|---|---|---|---|---|---|---|---|---|---|---|---|---|---|---|---|---|---|
| Dewey Decimal Classification | Referencia | Biblioteca Karol Wojtyla | Biblioteca Karol Wojtyla | Área de silencio | 09/08/2022 | Donación | 0.00 | 704.9482 P7618 2011 | 62544 | 05/01/2026 | 0.00 | 03/12/2013 | Folio |